Historia Polski XVII w. - Statystyki

Ogólne statystyki
  • Ten quiz został rozwiązany 46 razy
  • Średni wynik to 7 z 15
Statystyki odpowiedzi
Opis Odpowiedź % Poprawnych
Kto w 1683r. dowodził w Bitwie pod Wiedniem przeciw Imperium Osmańskiemu? Jan III Sobieski
78%
W którym roku była powyższa bitwa? 1605
73%
Jaki król wówczas panował w Rzeczpospolitej? Zygmunt III Waza
73%
Jak się nazywał przywódca powstania kozaków w 1648r.? Bohdan Zenobi Chmielnicki
70%
Kto dowodził wojskami Polsko-Litewskimi w Bitwie pod Kircholmem? Jan Karol Chodkiewicz
68%
Jak się nazywał książę na terenach dzisiejszej Ukrainy? Miał przydomek "Jarema", jego syn później został królem Rzeczpospolitej. Jeremi Wiśniowiecki
62%
Jak się nazywa powieść H. Sienkiewicz osadzona na stepach ukrainy? Ogniem i Mieczem
51%
Kto był w latach 1610-1613 formalnym carem Rosji? Władysław IV Waza
51%
Przed jakim Imperium, Rzeczpospolita z kozakami obronili twierdzę Chocimską w 1621r.? Imperium Osmańskie
49%
Po jakiej bitwie, w czasie odwrotu zginął Stefan Zółkiewski? Bitwa pod Cecorą
35%
Kto obronił Jasną Górę przed Szwedami w trakcie "Potopu" ? Augustyn Kordecki
27%
Gdzie podpisano ugodę kozaków z Carstwem Rosyjskim w 1654r. ? Perejasław
27%
Jak się nazywali kozacy który pobierali żołd od Rzeczpospolitej? Kozacy Rejestrowi
24%
Gdzie wojska Rzeczpospolitej pokonały 6 razy liczniejsze wojska Carstwa Rosyjskiego? Pod Kircholmem
24%
Po jakim rozejmie z Rosją w 1619 roku, Rzeczpospolita Obojga Narodów osiągnęła największe rozmiary? (Prawie 1mln km2) Rozejm w Dywilinie
16%
Nie znaleziono quizów pasujących do podanych kryteriów
Rozkład punktacji
Procent ludzi z każdym wynikiem
Percentyl według liczby udzielonych odpowiedzi
Twoja historia wyników
Nie rozwiązałeś tego quizu